<?xml version="1.0" encoding="UTF-8"?>
<record
    xmlns:xsi="http://www.w3.org/2001/XMLSchema-instance"
    xsi:schemaLocation="http://www.loc.gov/MARC21/slim http://www.loc.gov/standards/marcxml/schema/MARC21slim.xsd"
    xmlns="http://www.loc.gov/MARC21/slim">

  <leader>00981nam a22002297a 4500</leader>
  <controlfield tag="003">OSt</controlfield>
  <controlfield tag="005">20240724143507.0</controlfield>
  <controlfield tag="008">240722b           ||||| |||| 00| 0 eng d</controlfield>
  <datafield tag="022" ind1=" " ind2=" ">
    <subfield code="a">097606525</subfield>
  </datafield>
  <datafield tag="040" ind1=" " ind2=" ">
    <subfield code="c">AIMIT LIBRARY</subfield>
  </datafield>
  <datafield tag="082" ind1=" " ind2=" ">
    <subfield code="a">658</subfield>
    <subfield code="b">MANA</subfield>
  </datafield>
  <datafield tag="110" ind1=" " ind2=" ">
    <subfield code="a">Shri Dharmasthala Manjunatheshwara Institute for Management Development  </subfield>
    <subfield code="9">173854</subfield>
  </datafield>
  <datafield tag="245" ind1=" " ind2=" ">
    <subfield code="a">SDMIND :</subfield>
    <subfield code="b">journal of management /</subfield>
    <subfield code="c">By Shri Dharmasthala Manjunatheshwara Institute for Management Development  </subfield>
  </datafield>
  <datafield tag="260" ind1=" " ind2=" ">
    <subfield code="a">Bangalore ;</subfield>
    <subfield code="b">Informatics Publishing Limited ,</subfield>
    <subfield code="c">2014</subfield>
  </datafield>
  <datafield tag="300" ind1=" " ind2=" ">
    <subfield code="b">HB</subfield>
    <subfield code="c">29.3 cm</subfield>
  </datafield>
  <datafield tag="440" ind1=" " ind2=" ">
    <subfield code="a">SDMIND journal of management </subfield>
    <subfield code="v">Vol.5 No.1-2/2014</subfield>
    <subfield code="9">173855</subfield>
  </datafield>
  <datafield tag="440" ind1=" " ind2=" ">
    <subfield code="v">Vol.5 No.2/2011 Vol.3 No.1-2/2012</subfield>
  </datafield>
  <datafield tag="650" ind1=" " ind2=" ">
    <subfield code="a">Composite portfolio performance: a investigation into Indian mutual funds</subfield>
    <subfield code="9">173856</subfield>
  </datafield>
  <datafield tag="650" ind1=" " ind2=" ">
    <subfield code="a">Future trading in India and commodity price risk management : a pragmatic study</subfield>
    <subfield code="9">173857</subfield>
  </datafield>
  <datafield tag="650" ind1=" " ind2=" ">
    <subfield code="a">Case : ship of hope in a vally of woes</subfield>
    <subfield code="9">173858</subfield>
  </datafield>
  <datafield tag="942" ind1=" " ind2=" ">
    <subfield code="2">ddc</subfield>
    <subfield code="c">BV</subfield>
    <subfield code="k">658 MANA</subfield>
  </datafield>
  <datafield tag="999" ind1=" " ind2=" ">
    <subfield code="c">231483</subfield>
    <subfield code="d">231483</subfield>
  </datafield>
  <datafield tag="952" ind1=" " ind2=" ">
    <subfield code="0">0</subfield>
    <subfield code="1">0</subfield>
    <subfield code="2">ddc</subfield>
    <subfield code="4">0</subfield>
    <subfield code="7">0</subfield>
    <subfield code="8">MBA</subfield>
    <subfield code="a">AIMIT</subfield>
    <subfield code="b">AIMIT</subfield>
    <subfield code="c">BV</subfield>
    <subfield code="d">2024-07-22</subfield>
    <subfield code="h">Vol.5 No.1-2/2014</subfield>
    <subfield code="l">0</subfield>
    <subfield code="o">658 MANA</subfield>
    <subfield code="p">BVM855</subfield>
    <subfield code="r">2024-07-22 00:00:00</subfield>
    <subfield code="w">2024-07-22</subfield>
    <subfield code="y">BV</subfield>
  </datafield>
  <datafield tag="952" ind1=" " ind2=" ">
    <subfield code="0">0</subfield>
    <subfield code="1">0</subfield>
    <subfield code="2">ddc</subfield>
    <subfield code="4">0</subfield>
    <subfield code="7">0</subfield>
    <subfield code="8">MBA</subfield>
    <subfield code="a">AIMIT</subfield>
    <subfield code="b">AIMIT</subfield>
    <subfield code="c">BV</subfield>
    <subfield code="d">2024-07-22</subfield>
    <subfield code="h">Vol.5 No.2/2011 Vol.3 No.1-2/2012</subfield>
    <subfield code="l">0</subfield>
    <subfield code="o">658 MANA</subfield>
    <subfield code="p">BVM854</subfield>
    <subfield code="r">2024-07-22 00:00:00</subfield>
    <subfield code="w">2024-07-22</subfield>
    <subfield code="y">BV</subfield>
  </datafield>
</record>
